| 000 | 00000nas 2200000za 4500 |
|---|---|
| 001 | 9.502652 |
| 003 | CaOODSP |
| 005 | 20240501092930 |
| 007 | cr ||||||||||| |
| 008 | 150406d20032010xxc|| p o||||f| |0fre|d |
| 040 | |aCaOODSP|bfre |
| 043 | |an-cn--- |
| 086 | 1 |aPS81-4F-PDF |
| 245 | 00|aStatistiques sur les délinquantes. |
| 264 | 1|aOttawa, Ontario : |bService correctionnel Canada |
| 310 | |aIrrégulier |
| 362 | 1 |aParaît depuis [2003]; ne paraît plus après Année fiscal 2009/2010. |
| 710 | 2 |aService correctionnel Canada, |eorganisme de publication. |
| 775 | 08|tWomen offender statistical overview |w(CaOODSP)9.506248 |